| 000 | 00669nam a22001937a 4500 | ||
|---|---|---|---|
| 999 |
_c61285 _d61285 |
||
| 005 | 20240125142840.0 | ||
| 008 | 240125s2019 enk||||| |||| 00| 0 eng d | ||
| 020 | _a9781947604049x | ||
| 041 | _aeng | ||
| 080 | _a81(073) D-65 | ||
| 100 |
_aDixon, Juli K. _921131 |
||
| 245 |
_aMaking Sense of Mathematics for Teaching the Small Group _cJuli K. Dixon, Lisa A. Brooks, Melissa R. Carli. |
||
| 264 |
_aBloomington : _bSolution Tree Press, _c2019. |
||
| 300 |
_a83 p. : _bill.; _c28 cm. |
||
| 653 | _aმათემატიკა | ||
| 700 |
_aBrooks, Lisa A. _eავტორი _921132 |
||
| 700 |
_aCarli, Melissa R. _eავტორი _921133 |
||
| 942 |
_2udc _cBK |
||